| 000 | 00642nam a22001817a 4500 | ||
|---|---|---|---|
| 999 |
_c5049 _d5049 |
||
| 003 | AR-CdUCM | ||
| 008 | 190311b ||||| |||| 00| 0 spa d | ||
| 040 |
_aMUNICIPALIDAD PROVINCIAL DEL CUSCO _cBIBLIOTECA MUNICIPAL DEL CUSCO |
||
| 082 |
_a869.0094 / _bUG24 |
||
| 100 |
_aUgarte, Manuel _915422 |
||
| 245 |
_aEscritores iberoamericanos de 1900 : _bcomentarios y recuerdos alrededor de Delmira Agostini, Francisco Contreras, José Santos Chocano ... / |
||
| 260 |
_aChile : _bOrbe, _c1943. |
||
| 500 | _aDonación familia Nieto | ||
| 650 |
_aLiteratura latinoamericana _91143 |
||
| 650 |
_aSiglo XX. _98 |
||
| 942 |
_2ddc _cLIBROS |
||
| 945 | _aafb | ||